| 000 | 00350nam a22001337a 4500 | ||
|---|---|---|---|
| 008 | 250422b |||||||| |||| 00| 0 eng d | ||
| 020 | _a9784886093 | ||
| 050 |
_aJK 271 _b.A43 |
||
| 100 | _aAjaegbu O. Fredrick | ||
| 245 | _aPublic Policy making and analysis | ||
| 260 |
_aNigeria _bAcademic printing press Enugu _c2010 |
||
| 300 | _a261p. | ||
| 942 | _cBK | ||
| 999 |
_c3095 _d3095 |
||